| 000 | 00443 a2200133 4500 | ||
|---|---|---|---|
| 999 |
_c325548 _d325548 |
||
| 001 | 90475 | ||
| 003 | NUST | ||
| 082 | _a658.314 DIA | ||
| 100 |
_aDiamond Harriet _99868 |
||
| 245 |
_aPerfect Phrases for Motivating and Rewarding Employees _bHundreds of Ready to Use Phrases to Encourage and Recognize Excellence _hEnglish |
||
| 260 |
_aNew York _bMcGraw Hill Publications _c2006 |
||
| 300 | _axvi, 175p. | ||
| 500 | _aGeneral Books | ||
| 942 |
_aCAE NUST _cBK _k658.314 DIA _2ddc |
||